An american dialogue: A Protestant looks at Catholicism and a Catholic looks at Protestantism

Збережено в:
Бібліографічні деталі
Автори: Brown, Robert McAfee (Автор), Weigel, Gustave (Автор)
Формат: Книга
Мова:Англійська
Опубліковано: Nueva York Anchor Books 1961
Предмети:
Теги: Додати тег
Немає тегів, Будьте першим, хто поставить тег для цього запису!

MARC

LEADER 00000nam a2200000 a 4500
001 UCH7452
003 CL-VaPUC
008 091112e19610000US |||||||||||||||||eng|d
082 0 4 |a 280.042  |b BRO  |2 21 
100 0 |a Brown, Robert McAfee  |e author  |9 543908 
700 0 |a Weigel, Gustave  |e author  |9 543909 
245 1 3 |a An american dialogue: A Protestant looks at Catholicism and a Catholic looks at Protestantism 
300 |a 240 p 
942 |c BK 
945 |d 20091112 00:00:00  |a dcastane 
260 |a Nueva York  |b Anchor Books  |c 1961 
650 0 |a Ecumenismo  |9 255639 
583 |a last modification  |c 20091112 00:00:00  |k Rodrigo Vera 
999 |c 338048  |d 338046 
952 |0 0  |1 0  |4 0  |6 280_042000000000000_BRO_1961  |7 0  |8 A  |9 430846  |a BIBTEO  |b BIBTEO  |d 2019-11-22  |i 4611829  |o 280.042 BRO 1961  |p 4611829  |r 2025-01-17  |w 2019-11-22  |y BK  |k ICR